| 000 | 00862nam a22002057a 4500 | ||
|---|---|---|---|
| 999 |
_c5582 _d5582 |
||
| 003 | AR-CdUCM | ||
| 008 | 190312b ||||| |||| 00| 0 spa d | ||
| 040 |
_aMUNICIPALIDAD PROVINCIAL DEL CUSCO _cBIBLIOTECA MUNICIPAL DEL CUSCO |
||
| 082 |
_22ed. _a928 / _bM26C |
||
| 100 |
_aCimorra, Clemente _916705 |
||
| 245 |
_aJose Marti : _bsíntesis biográfica / |
||
| 260 |
_aBuenos Aires : _bAtlantida, _c1956. |
||
| 300 |
_a109 páginas ; _c17 cm. |
||
| 500 | _aDonación familia Nieto | ||
| 505 | _aContenido: Su padre, el sargento español-le costean los estudios-en Madrid, Cánovas -- Cabecillas del Camaguey-El general Dulce-Asalto de los voluntarios -- Prisión infamante-Las canteras de cal-Vida madrileña -- A México-Lección de patria- "Cuba llora" ... | ||
| 650 |
_aBiografía _922 |
||
| 650 |
_aJose Martí _96318 |
||
| 942 |
_2ddc _cLIBROS |
||
| 945 | _aafb | ||